1030 1400 1981 1698 1781 1158 1943 1767 1299 1936 1190 1185 1249 1066 1287 1314 1658 1703 1343 1573 1905 1947 1633 1546 1093 1663 1273 1001 1975 1309 1220 1580 1338 1516 1682 1805 1820 1433 1465 1384 1460 1843 1896 1255 1913 1131 1187 1011 1993 1206 1616 1262 1763 1888 1675 1787 1319 1869 1474 1084 1689 1520 1927 1402 1058 1595 1619 1108 1552 1610 1268 1361 1026 1802 1353 1887 1101 1919 1938 1948 1928 1670 1400 1929 1775 1178 1936 1631 1769 1462 1319 1164 1756 1449 1402 1690 1940 1877 1137 BCNSPRNW ULIB Ver.6.0+V

เปลี่ยนเป็นภาษาไทย

Change to English
 แสดงรายละเอียดบรรณานุกรม
  กลับหน้าหลัก

Brief Record : Get Marc (ISO 2709) : E-mail record : QR code < ปิดหน้าต่าง
LEADER : 00000nam 2200000uu 4500
001    13399128040
003     ULIB
008    220125s2563||||th 000 0 tha d
020 ^  ^a9786163660770
050 ^  ^aนว.^bด179น
100 0  ^aดวงตะวัน.
245 1  ^aนางโจรมาลีญง /^cดวงตะวัน.
250 ^  ^aพิมพ์ครั้งที่ 1.
260 ^  ^aกรุงเทพฯ :^bดวงตะวัน (ดีบุ๊คส์),^c2563.
300 ^  ^a439 หน้า ;^c21 ซม.
650 ^  ^aนวนิยาย.
945    ^p350^l0^i29185
999    ^aกัณชพร จุลอักษร
รายการนี้ยังไม่มีแท็ก
คุณยังไม่ได้ล็อกอิน คุณสามารถมีกิจกรรมร่วมกับเว็บไซต์ได้ แต่ต้องล็อกอินก่อน ::
  ล็อกอิน

รายการสื่อสารสนเทศ

ลำดับที่ ประเภท เลขเรียก/บาร์โค้ด สถานที่ สถานะ
1. วิทยาศาสตร์การแพทย์ และสุขภาพ
วิทยาศาสตร์การแพทย์ และสุขภาพ
นว. ด179น ฉ.1 
  Barcode: 29185
ห้องสมุดวิทยาเขตนครสวรรค์
►นวนิยาย:l:Fiction
บนชั้น

รายการใกล้เคียง
    ผู้แต่ง [ดวงตะวัน.]

    หัวเรื่อง [นวนิยาย.]

BibComment


ยังไม่เคยถูกคอมเมนท์

คอมเมนท์ทรัพยากรรายการนี้
  คอมเมนท์: นางโจรมาลีญง ดว..


 Copyright 2026. Bcnsprnw @Library